| 000 | 01240nam a2200325Ia 4500 | ||
|---|---|---|---|
| 001 | dia_6138 | ||
| 003 | CHAP | ||
| 005 | 20251021160417.0 | ||
| 008 | 220117s2014 xx 000 0 und d | ||
| 010 | _a177323 | ||
| 020 | _a978-84-282-1620-3 | ||
| 040 | _cCHAP | ||
| 082 | _a641.873 H84 2014 | ||
| 100 |
_aHughes, Greg _9160893 |
||
| 240 | _aHome brew beer. Español | ||
| 245 |
_aCómo elaborar cerveza casera / _c Greg Hughes ; traducción Jordi Font Barris |
||
| 260 |
_aEspaña : _b Omega :, _b Dorling Kindersley, _c2014 |
||
| 300 | _a224 p. | ||
| 590 | _aTP570 H84 2014 | ||
| 650 | 0 |
_aBeers _9158054 |
|
| 650 |
_aBrewing _xAmateurs' manuals _9160894 |
||
| 650 |
_aCerveza _921641 |
||
| 650 |
_aElaboración de cerveza _xManuales de aficionados _9160895 |
||
| 700 |
_aFont Barris, Jordi, tr. _9160896 |
||
| 711 |
_aDivisión de Ciencias Biológicas y de la Salud Departamento de Producción Agrícola y Animal área de Investigación Ecodesarrollo de la Producción Animal (2001 Marzo 15-16 : Sala de Seminario de Rectoría General de la UAM, México, D. F.) _9160897 |
||
| 901 | _a641.873 H84 2014 | ||
| 902 | _aM | ||
| 905 | _a5232272014 sp dn 8222123322spa16 | ||
| 942 |
_cLIBRO _2ddc |
||
| 999 |
_c177323 _d177323 |
||